Największe państwa w historii - Statystyki

Ogólne statystyki
  • Ten quiz został rozwiązany 211 razy
    149 od ostatniego zresetowania
  • Średni wynik to 5 z 20
Statystyki odpowiedzi
lp. Obszar Państwo % Poprawnych
6 17,1 mln Rosja
82%
13 9,9 mln Chiny
81%
14 9,8 mln Stany Zjednoczone
74%
4 22,4 mln ZSRR
67%
12 10 mln Kanada
62%
1 33,2 mln Imperium brytyjskie
45%
17 7,5 mln Australia
33%
19 6,5 mln Cesarstwo Rzymskie
23%
3 23,7 mln Imperium Rosyjskie
19%
20 6,4 mln III Rzesza
15%
9 13 mln Francuskie imperium kolonialne
10%
5 20 mln Hiszpańskie Imperium Kolonialne
9%
11 10,4 mln Portugalskie Imperium Kolonialne
5%
10 11,1 mln Kalifat Abbasydów
3%
15 8,7 mln Cesarstwo Brazylii
2%
7 14,7 mln Cesarstwo Qing
2%
18 7,4 mln Cesarstwo Wielkiej Japonii
2%
8 13 mln Kalifat Umajjadów
2%
16 8 mln Imperium Achemenidów
1%
2 33 mln Wielki Usłus Mongolski
0%
Nie znaleziono quizów pasujących do podanych kryteriów
Rozkład punktacji
Procent ludzi z każdym wynikiem
Percentyl według liczby udzielonych odpowiedzi
Twoja historia wyników
Nie rozwiązałeś tego quizu od ostatniego zresetowania